000
00265nam a22001097a 4500
082
_a
745.4 YOU'H
100
_a
YOUNG, DENNIS
_9
79884
245
_a
HOME DECORATION AND REPAIRS ON A SMALL INCOME
260
_a
LONDON
_b
HUTCHINSON
_c
1956
300
_a
128P
942
_c
BK
999
_c
584869
_d
584869